[Event "Caribbean-ch U18"]
[Site "San Salvador"]
[Date "2021.11.27"]
[Round "7"]
[White "Haynes, Aaron"]
[Black "Pastor Carvajal, Jeigoth"]
[Result "1/2-1/2"]
[WhiteElo "1446"]
[BlackElo "1762"]
[PlyCount "118"]
[EventDate "2021.11.27"]
[EventType "tourn"]
[EventRounds "9"]
[EventCountry "ESA"]
[SourceTitle "EXT 2023"]
[Source "ChessBase"]
[SourceDate "2022.10.05"]
[SourceVersion "1"]
[SourceVersionDate "2022.10.05"]
[SourceQuality "1"]
[WhiteTeam "Barbados"]
[BlackTeam "Costa Rica"]
[WhiteTeamCountry "BAR"]
[BlackTeamCountry "CRI"]

1. c4 b6 2. Nc3 Bb7 3. e4 e6 4. d4 Bb4 5. f3 Bxc3+ 6. bxc3 d6 7. Be3 Nd7 8. Ne2 Ngf6 9. Ng3 h6 10. Bd3 Qe7 11. Qa4 0-0 12. 0-0 c5 13. Rae1 Nb8 14. Qc2 Nc6 15. Qe2 e5 16. Nf5 Qc7 17. d5 Ne7 18. Ng3 g5 19. Qd2 Nh7 20. h4 f6 21. Kf2 Kf7 22. Rh1 Rh8 23. Rh2 Rag8 24. Reh1 g4 25. Bxh6 Qd7 26. Be3 Ba6 27. Rg1 Qa4 28. Qe2 gxf3 29. gxf3 Nf8 30. h5 Nh7 31. Rhh1 Ng5 32. f4 Nh7 33. Nf5 Nxf5 34. exf5 exf4 35. Bxf4 Re8 36. Be3 Ng5 37. Rg4 Rhg8 38. h6 Qa3 39. h7 Rh8 40. Rxg5 fxg5 41. Qh5+ Ke7 42. Qxg5+ Kd7 43. Qg7+ Kc8 44. Qxa7 Qxa2+ 45. Be2 Bxc4 46. Qxa2 Bxa2 47. c4 Re7 48. Ra1 Ra7 49. Bd3 Rhxh7 50. f6 Rhf7 51. Bg5 Rf8 52. Bb1 Rg8 53. Bh4 Rh8 54. Kg3 Ra3+ 55. Kg4 Bxb1 56. Rxa3 Kb7 57. Rf3 Bg6 58. Re3 Re8 59. Rxe8 Bxe8 1/2-1/2

[Event "Pan American-ch Hybrid U18 31st"]
[Site "Tornelo INT"]
[Date "2021.09.04"]
[Round "3"]
[White "Haynes, Aaron"]
[Black "Piccoli, Lucas Fonseca"]
[Result "0-1"]
[WhiteElo "1397"]
[BlackElo "2191"]
[PlyCount "60"]
[EventDate "2021.09.04"]
[EventType "swiss"]
[EventRounds "9"]
[EventCountry "NET"]
[SourceTitle "EXT 2023"]
[Source "ChessBase"]
[SourceDate "2022.10.05"]
[SourceVersion "1"]
[SourceVersionDate "2022.10.05"]
[SourceQuality "1"]

1. c4 c5 2. g3 Nc6 3. Bg2 g6 4. Nc3 Bg7 5. e3 e5 6. Nge2 d6 7. 0-0 Be6 8. d3 Nge7 9. f4 0-0 10. Nd5 Rb8 11. Nec3 a6 12. a4 Nb4 13. e4 f5 14. fxe5 Bxe5 15. Bg5 Bxd5 16. Nxd5 Nbxd5 17. cxd5 Qd7 18. Qb3 Kg7 19. Bxe7 Qxe7 20. exf5 gxf5 21. Rae1 Qg5 22. Qb6 Rf7 23. Rxe5 dxe5 24. Qxc5 Rd8 25. d6 Qf6 26. Bh3 Qxd6 27. Qxd6 Rxd6 28. Bxf5 Rb6 29. g4 Rxb2 30. Re1 Rc7 0-1

[Event "Pan American-ch Hybrid U18 31st"]
[Site "Tornelo INT"]
[Date "2021.09.04"]
[Round "1"]
[White "Haynes, Aaron"]
[Black "Tomiello, Mateus Costamilan"]
[Result "0-1"]
[WhiteElo "1397"]
[BlackElo "2042"]
[PlyCount "114"]
[EventDate "2021.09.04"]
[EventType "swiss"]
[EventRounds "9"]
[EventCountry "NET"]
[SourceTitle "EXT 2023"]
[Source "ChessBase"]
[SourceDate "2022.10.05"]
[SourceVersion "1"]
[SourceVersionDate "2022.10.05"]
[SourceQuality "1"]

1. c4 e5 2. g3 Nf6 3. Bg2 d5 4. cxd5 Nxd5 5. Nc3 Nb6 6. d3 Nc6 7. Nf3 Be7 8. 0-0 0-0 9. Rb1 Be6 10. a3 f6 11. b4 a5 12. b5 Nd4 13. Nxd4 exd4 14. Na4 Bd5 15. Nxb6 cxb6 16. Bxd5+ Qxd5 17. a4 Rac8 18. Bd2 Rc5 19. e3 Rfc8 20. exd4 Rc2 21. Rc1 Qa2 22. Qg4 Rxc1 23. Rxc1 Rxc1+ 24. Bxc1 Kf7 25. Qh5+ Kf8 26. Qxh7 Qb1 27. Qh8+ Kf7 28. Qh5+ Ke6 29. Qe2+ Kd7 30. Qb2 Qxd3 31. Be3 Qd1+ 32. Kg2 Qxa4 33. Qb1 Qc4 34. Qe4 Qxb5 35. Qxb7+ Ke6 36. Qe4+ Kf7 37. d5 Qb4 38. Qe6+ Kg6 39. Bf4 Qc5 40. d6 Qc6+ 41. Kg1 Bd8 42. Qg4+ Kf7 43. Qh5+ Kg8 44. Qg6 b5 45. h4 b4 46. h5 Qd7 47. h6 a4 48. hxg7 a3 49. Qc2 Kxg7 50. Qb1 Qa4 51. Qf5 a2 52. Qg4+ Kf7 53. Qh5+ Ke6 54. Qg4+ Kd5 55. Qf5+ Kc4 56. Qc8+ Kb3 57. Qe6+ Kb2 0-1

[Event "Online Olym Div3 E"]
[Site "Chess.com INT"]
[Date "2020.08.07"]
[Round "3.5"]
[White "Mendez Machado, Andre"]
[Black "Haynes, Aaron"]
[Result "1/2-1/2"]
[WhiteElo "1651"]
[BlackElo "1479"]
[PlyCount "57"]
[EventDate "2020.08.07"]
[EventType "team-tourn (rapid)"]
[EventRounds "9"]
[EventCountry "USA"]
[SourceTitle "CBM 198"]
[Source "ChessBase"]
[SourceDate "2020.10.31"]
[SourceVersion "1"]
[SourceVersionDate "2020.10.31"]
[SourceQuality "1"]
[WhiteTeam "Panama"]
[BlackTeam "Barbados"]
[WhiteTeamCountry "PAN"]
[BlackTeamCountry "BAR"]

1. e4 c5 2. Nc3 g6 3. f4 Bg7 4. Nf3 Nc6 5. Bc4 e6 6. d3 Nge7 7. 0-0 0-0 8. Qe1 d5 9. Bb3 dxe4 10. dxe4 Nd4 11. Qf2 Nec6 12. Be3 Nxf3+ 13. Qxf3 Nd4 14. Bxd4 cxd4 15. Ne2 Qb6 16. Kh1 Bd7 17. Rfd1 Bc6 18. Ng3 Rad8 19. Qg4 Bd7 20. Rf1 Qc5 21. Qh4 a5 22. a4 Kh8 23. Rf3 f5 24. exf5 exf5 25. Ne2 Bf6 26. Qh6 Bg7 27. Qh4 Bf6 28. Qh6 Bg7 29. Qh4 1/2-1/2

[Event "Caribbean Carnival U12"]
[Site "Port of Spain"]
[Date "2015.08.11"]
[Round "6.2"]
[White "Roopnarine, Reece"]
[Black "Haynes, Aaron"]
[Result "1-0"]
[WhiteElo "1188"]
[BlackElo "1346"]
[PlyCount "25"]
[EventDate "2015.08.09"]
[EventType "swiss"]
[EventRounds "7"]
[EventCountry "TRI"]
[SourceTitle "EXT 2024"]
[Source "ChessBase"]
[SourceDate "2023.10.10"]
[SourceVersion "1"]
[SourceVersionDate "2023.10.10"]
[SourceQuality "1"]

1. e4 c5 2. Nf3 d6 3. Bc4 Nf6 4. Nc3 g6 5. d4 cxd4 6. Nxd4 Bg7 7. Bf4 e5 8. Bg5 exd4 9. Nd5 Qa5+ 10. Bd2 Qc5 11. Qe2 0-0 12. Bb4 Re8 13. Nxf6+ 1-0